Fr. Conceicao Rodrigues College of Engineering

Vibrations and stability (Record no. 24236)

MARC details
000 -LEADER
fixed length control field 00354nam a2200169Ia 4500
082 ## - DEWEY DECIMAL CLASSIFICATION NUMBER
Classification number 620.3/THO
Item number THO
100 ## - MAIN ENTRY--PERSONAL NAME
Personal name Thomsen/Jon J
250 ## - EDITION STATEMENT
Edition statement 2
245 ## - TITLE STATEMENT
Title Vibrations and stability
260 ## - PUBLICATION, DISTRIBUTION, ETC.
Name of publisher, distributor, etc. Springer
Place of publication, distribution, etc. New Delhi
Date of publication, distribution, etc. 2003
366 ## - TRADE AVAILABILITY INFORMATION
Publishers's discount category 20
300 ## - PHYSICAL DESCRIPTION
Extent 404
546 ## - LANGUAGE NOTE
Language note ENGLISH
650 ## - SUBJECT ADDED ENTRY--TOPICAL TERM
Topical term or geographic name entry element Vibrations
654 ## - SUBJECT ADDED ENTRY--FACETED TOPICAL TERMS
Focus term vibrations
942 ## - ADDED ENTRY ELEMENTS (KOHA)
Koha item type BOOK
Holdings
Withdrawn status Lost status Damaged status Not for loan Collection Home library Current library Date acquired Source of acquisition Cost, normal purchase price Inventory number Total Checkouts Full call number Barcode Date last seen Cost, replacement price Price effective from Koha item type
        CRC Fr. Agnel's C.Rodrigues College of Engineering Fr. Agnel's C.Rodrigues College of Engineering 17/03/2023 Professional Book House. 975.00 566 dt 25/03/2008   620.3/THO THO 18520 17/03/2023 995.00   BOOK